Marvel Picture Find: Heroes Quiz Stats

 Plays Quiz Updated Sep 22, 2017

Challenge
Share
Tweet
Score 0/260 Timer 20:00
64 Plays Today
% Correct
Thor
91.4%
The Hulk
91.2%
Captain
America
91%
Iron Man
90.6%
Spider-Man
90.2%
Thing
88.5%
Wolverine
86.2%
Groot
84.4%
Mr. Fantastic
83.7%
Black
Panther
83.6%
Dr. Strange
82.6%
Wasp
82.2%
Rocket
Raccoon
82%
Beast
81.6%
Human
Torch
81.4%
Storm
81.4%
Cyclops
80.8%
She-Hulk
79.6%
Daredevil
79.5%
Ant-Man
78.7%
Hawkeye
77.2%
Ghost Rider
77.1%
Angel
77%
Iceman
76.1%
Punisher
76.1%
Red Hulk
75.9%
War Machine
75.5%
Gambit
75.5%
Luke Cage
75%
Scarlet
Witch
73.9%
Drax
73.2%
Iron Fist
73.1%
Rogue
73%
Silver
Surfer
72.7%
Invisible
Woman
72.5%
Falcon
72%
Odin the
All-Father
71.7%
Xavier
71.3%
Nightcrawler
71%
Quicksilver
70.9%
Star-Lord
70.1%
Nick
Fury
69.2%
Spider-
Woman
68.6%
Gamora
68.2%
Colossus
67.8%
Captain
Britain
66.6%
Black
Widow
66.4%
Moon
Knight
66.3%
Marvel
Girl
65.4%
Bucky
65.3%
Elektra
63%
Ms. Marvel
63%
Cable
62.9%
Black Bolt
62.6%
Vision
61.9%
Nova
61.6%
Blade
61.4%
Emma
Frost
61%
Hercules
60.6%
Howard
the Duck
60.2%
Captain
Marvel
59.4%
Namor
59.3%
Medusa
59%
Shadowcat
58.1%
Beta
Ray Bill
57.1%
Man-Thing
57%
Havok
56.2%
Banshee
55.6%
Bishop
53.5%
Wonder Man
53.4%
Domino
52.8%
Dazzler
52.5%
Adam
Warlock
52.4%
Sunspot
52.1%
Tigra
51.7%
Cloak
51.6%
Dagger
51.3%
Jewel
50.4%
Redwing
50.3%
Ares
50.2%
Sentry
49.9%
Lockjaw
49.7%
Puck
49.5%
U.S.Agent
49.3%
Firestar
48.3%
Lady Sif
48.2%
Black Knight
47.3%
% Correct
Polaris
47%
Mockingbird
46.8%
Spider-Ham
46%
Sasquatch
45.7%
Phoenix
45%
Guardian
44.9%
HERBIE
44.8%
Psylocke
44.7%
Squirrel
Girl
44.1%
White
Tiger
44.1%
Quasar
44%
Devil Dinosaur
43.8%
Ka-Zar
43.3%
Captain
Universe
43.2%
Multiple Man
43.1%
X-23
42.8%
Deathlok
42.8%
Yellowjacket
42.3%
Gladiator
42.1%
Jubilee
42%
Hellcat
41.7%
Sunfire
41.1%
Magik
41.1%
Mantis
40.8%
Forge
40.6%
Warpath
40%
Longshot
39.8%
Doc Samson
39.5%
Volstagg
39.4%
Namorita
38.8%
Big Bertha
38.7%
3-D Man
38.1%
Moondragon
37.7%
Cosmo the
Space Dog
37.2%
Lockheed
37%
Zabu
36.9%
Crystal
36.8%
Cannonball
36.7%
A-Bomb
36.4%
Thunderbird
36.1%
Strong Guy
35.7%
Heimdall
35.3%
Blink
35.3%
Whizzer
34.7%
Fandral
34.6%
Brother
Voodoo
34.6%
Siryn
33.5%
Hogun
33.3%
Skaar
33.2%
Northstar
33%
Wolfsbane
32.9%
Machine
Man
32.7%
Misty
Knight
31.6%
Darkhawk
31.6%
Meggan
31.4%
Zeus
31.4%
Beak
31.1%
Starfox
30.9%
Shatterstar
30.8%
Penance
30.7%
D-Man
30.6%
Leech
30.4%
Silver
Sable
30.4%
Hope
30.2%
Wiccan
30.1%
Doop
30%
Dust
30%
Jocasta
29.9%
Rage
29.8%
Aurora
29.8%
Hyperion
29.7%
Patriot
29.7%
Gorgon
29.2%
Lilandra
29.1%
Magma
28.9%
Namora
28.8%
Gorilla-Man
28.7%
Night
Thrasher
28.6%
Sersi
28.5%
Rescue
28.5%
Shang-Chi
28.3%
Pip the Troll
28.1%
Corsair
27.8%
Armor
27.8%
Karnak
27.5%
Boomer
27.5%
Stingray
27.4%
% Correct
Snowbird
27.1%
Xorn
26.8%
Fantomex
26.6%
Sleepwalker
26.5%
Karma
26.5%
Chamber
26.3%
Shaman
25.8%
Nighthawk
25.6%
Danger
25.6%
Werewolf
By Night
25.6%
Vindicator
25.3%
Skin
24.9%
Flatman
24.7%
Dr. Druid
24.6%
Rockslide
24.5%
Charlie-27
24.1%
Justice
23.6%
Nomad
23.4%
Moonstar
22.8%
Starhawk
22.8%
Phantom
Rider
22.6%
Balder
22.4%
Clea
22%
Dr. Nemesis
21.9%
Gargoyle
21.6%
Hepzibah
21.6%
Shamrock
21.6%
Dr. Spectrum
21.3%
Rom
21%
Slapstick
20.6%
Red Wolf
20.6%
Martinex
20.4%
Shanna
20.4%
Razorback
20.2%
Firelord
20.1%
Colleen
Wing
20%
Reptil
19.8%
American
Eagle
19.6%
Box
19.5%
Ch'od
19.4%
Dead Girl
19.4%
Doorman
19.3%
Echo
19.1%
Dinah Soar
18.9%
Lightspeed
18.7%
Match
18.6%
Shroud
18.6%
Cloud
18.5%
Blue
Marvel
18.4%
Blindfold
18.3%
Mercury
18.2%
Elixir
18.1%
Icarus
17.6%
Major
Victory
17.4%
Death's Head
17.4%
Raza
17.4%
Black
Archer
17.3%
Mr. Immortal
17.3%
Paladin
17.2%
Micromax
16.9%
Living
Lightning
16.8%
Red Raven
16.5%
Zero-G
16.5%
Moon
Boy
16.1%
Nocturne
15.8%
Broo
15.7%
Jack
Frost
15.7%
Power
Princess
15.6%
Silverclaw
15.5%
Energizer
15.5%
Titan
15.2%
Jack
Flag
15.1%
Baymax
15.1%
Silhouette
15.1%
Phat
15%
Onyxx
15%
Weapon
Omega
14.8%
Kylun
14.8%
Lifeguard
14.8%
Mass
Master
14.7%
Squid
Boy
14.6%
Sabra
14%
Century
13%
Trance
11.3%
Nightwatch
11%
Siege
10.1%

You're not logged in!

Compare scores with friends on all Sporcle quizzes.
Join for Free
OR
Log In

You Might Also Like...

Show Comments

Extras

Top Quizzes Today


Score Distribution

Your Account Isn't Verified!

In order to create a playlist on Sporcle, you need to verify the email address you used during registration. Go to your Sporcle Settings to finish the process.

Report this User

Report this user for behavior that violates our Community Guidelines.

Details: